000 00906nam a22002897a 4500
003 BCEG
005 20260326160734.0
008 260326s2023 mx a||||||||||00| 0 spa d
020 _a9786073907415
040 _aBCEG
_bspa
_cBCEG
082 0 4 _aI863.7
_bB517d
100 1 _aBernal Montes, Miguel‏ (Mikecrack),
_d1993-.
245 1 3 _aEl Diario de Mike.
246 _a¿Dónde está mi chocolate?
246 _aTeamCompas.
260 _aCiudad de México :
_bPlaneta Mexicana : Martínez Roca,
_c2023.
300 _a237 p. :
_bil.
490 _aEl Diario de Mike. 4You2.
500 _aLa biblioteca solo cuenta con el v. 1
505 _gv. 1.
_t¿Dónde está mi chocolate?
535 _aDisponible en la colección infantil de 10-12 años.
541 _aCompra.
650 1 4 _aNovela juvenil española.
700 1 _aJerez, Javier,
_eil.
700 1 _aCastillo, Catalina,
_eil.
942 _cBK
999 _c437145
_d437145